| 000 | 00905nam a2200241Ia 4500 | ||
|---|---|---|---|
| 001 | 21632 | ||
| 005 | 20260416144853.0 | ||
| 008 | 260320s9999||||xx |||||||||||||| ||und|| | ||
| 020 | _a9789972516054 | ||
| 041 | _aESP | ||
| 082 |
_a320.1 _bR41 |
||
| 100 |
_aRénique, José Luis, _eAUT |
||
| 245 | 0 |
_aImaginar la nación : _bviajes en busca del "verdadero Perú" (1881-1932) |
|
| 250 | _aSegunda edición corregida | ||
| 260 |
_aLima : _bInstituto de Estudios Peruanos, _c2019 |
||
| 300 |
_a430 páginas : _bfotografías en blaco y negro: _c23 cm. |
||
| 440 |
_a(Perú problema _n; número 42) |
||
| 650 | _aCIS | ||
| 653 | _aCiencia política - Perú - Siglos XIX-XX; Nacionalismo - Perú; Perú - Política y gobierno - Siglo XIX-XX | ||
| 654 | _aDER | ||
| 856 |
_uhttps://0u20jwr11-y-https-www-jstor-org.itmsp.museknowledge.com/ _zVéase además: Base de datos JSTOR |
||
| 942 |
_cLIB _dJUS _fMAT _2ddc |
||
| 999 |
_c21632 _d21632 |
||